000 01114nam a2200289Ia 4500
003 OSt
005 20221005111249.0
006 a|||||r|||| 00| 0
007 ta
008 221004b |||||||| |||| 00| 0 hin d
020 _a8170553814 (hbk)
_c200
024 _a11138
037 _b339, 20/03/2014, Vani Prakashan
_cTextual
040 _aCRL
_cCRL
_bhin
041 _2hin
_ahin
082 _aO157,6N62x, 152N5;P0
100 _aनसरीन, तसलीमा
245 0 _aनष्ट लड़की
_b नष्ट गद्य
246 _aNaṣhṭa laड़kī: naṣhṭa gadya
250 _a3 संस्करण
260 _aनई दिल्ली
_bवाणी प्रकाशन भारत
_c2010
300 _a204पृ0
_ccm.
650 _aबंगाली साहित्य
700 _a सरकार, मुनमुन, अनु.
942 _hO157,6N62x, 152N5;P0
_cTEXL
_2cc
999 _c1021302
_d1021302